|
|
|
|
| LEADER |
00000nas a22000007a 4500 |
| 001 |
ssj0057425 |
| 003 |
WaSeSS |
| 005 |
20200512172242.0 |
| 006 |
m d |
| 007 |
cr n |
| 008 |
000120c19979999ncufr pss 0 a0eng c |
| 010 |
|
|
|a 00211170
|
| 022 |
|
|
|a 1528-2643
|l 1095-6328
|y 1095-6328
|
| 035 |
|
|
|a (WaSeSS)ssj0057425
|
| 040 |
|
|
|a NSD
|b eng
|c NSD
|d OCLCQ
|d OCLCS
|d OCLCQ
|d AD#
|d OCLCQ
|d OCLCF
|d OCLCO
|d OCLCQ
|d AU@
|d VT2
|d WaSeSS
|
| 042 |
|
|
|a nsdp
|a pcc
|
| 050 |
|
4 |
|a LB5
|b .A33
|
| 082 |
1 |
0 |
|a 370
|2 13
|
| 130 |
0 |
|
|a Academy of Educational Leadership journal (Online)
|
| 210 |
0 |
|
|a Acad. Educ. Leadersh. j.
|b (Online)
|
| 222 |
|
0 |
|a Academy of Educational Leadership journal
|b (Online)
|
| 245 |
1 |
0 |
|a Academy of Educational Leadership journal
|h [electronic resource].
|
| 260 |
|
|
|a [Cullowhee, N.C.] :
|b Academy of Educational Leadership,
|c [1997-
|
| 310 |
|
|
|a Semiannual
|
| 362 |
0 |
|
|a Vol. 1, no. 1 (1997)-
|
| 500 |
|
|
|a Title from contents screen.
|
| 506 |
|
|
|a License restrictions may limit access.
|
| 538 |
|
|
|a Mode of access: World Wide Web.
|
| 650 |
|
0 |
|a Education
|v Periodicals.
|
| 650 |
|
7 |
|a Education.
|2 fast
|0 (OCoLC)fst00902499
|
| 655 |
|
0 |
|a Electronic journals.
|
| 710 |
2 |
|
|a Academy of Educational Leadership (Cullowhee, N.C.)
|
| 776 |
1 |
|
|t Academy of Educational Leadership journal
|x 1095-6328
|w (DLC) 97642631
|
| 856 |
4 |
0 |
|z Full text available from Research Library: 01/01/2006 to present
|u https://search.proquest.com/publication/38741
|